| 000 | 00444nam a2200145Ia 4500 | ||
|---|---|---|---|
| 008 | 140724s9999 xx 000 0 und d | ||
| 050 |
_aG 155.A1 _b.Al318 2013 |
||
| 100 | _aAlambra, Mary Joy V. | ||
| 245 |
_aPark n' Eat / _cMary Joy V. Alambra. |
||
| 260 |
_aLas PiƱas, Philippines : _bSouthville International School and Colleges, _cc2013. |
||
| 300 |
_a48 p. : _bcol. Ill. ; _c28 cm. |
||
| 521 | _aTourism | ||
| 942 | _cTH | ||
| 999 |
_c229095 _d229095 |
||